| 000 | 01066nam0a22002291i 4500 | ||
|---|---|---|---|
| 001 | rc\3140808 | ||
| 005 | 20240726070251.0 | ||
| 035 | _a(NLR Aleph) 007290669 | ||
| 090 |
_a5606263 _c5606263 |
||
| 100 | _a20120615d1975 |||y0rusy50 ca | ||
| 101 | 0 | _arus | |
| 102 | _aRU | ||
| 105 | _ay d ||||| | ||
| 200 | 1 |
_aПартийно-политическая работа на транспорте в период 1966-1970 гг. _e(На материалах Октябрьской железной дороги) _eАвтореф. дис. ...канд. ист. наук |
|
| 210 |
_aПетрозаводск _d1975 |
||
| 532 | 1 | 1 | _aПартийно-политическая работа на транспорте в период тысяча девятьсот шестьдесят шестой -1970 гг. |
| 700 | 1 |
_aТрифонов _bА.Н. |
|
| 801 | 0 |
_aRU _bNLR _gpsbo |
|
| 801 | 1 |
_aRU _bELAR _2rusmarc |
|
| 830 | _aИсточник из дис.: Каталог канд. и докт. дис. ..., 1976, вып. 10, зап. 1750 | ||
| 852 |
_aNLR _jDesideratum |
||
| 942 | _cBOOK | ||